La musulmana Iyyu(h), Hellín actual / (Registro nro. 168970)

Detalles MARC
000 -LEADER
campo de control de longitud fija 00672nam a22001935i 4500
001 - NÚMERO DE CONTROL
campo de control 168970
003 - IDENTIFICADOR DE NÚMERO DE CONTROL
campo de control ES-MaACL
005 - FECHA Y HORA DE LA ÚLTIMA TRANSACCIÓN
campo de control 20250809063534.0
008 - DATOS DE LONGITUD FIJA--INFORMACIÓN GENERAL
campo de control de longitud fija 080709s1975 sp |||| | spa d
080 ## - NÚMERO DE LA CLASIFICACIÓN DECIMAL UNIVERSAL
Número de la Clasificación Decimal Universal 94(460.288 Hellín)
100 1# - ENTRADA PRINCIPAL--NOMBRE DE PERSONA
Nombre de persona Vilar, Juan Bautista,
Fechas asociadas al nombre 1941-2018
9 (RLIN) 114797
245 13 - MENCIÓN DEL TÍTULO
Título La musulmana Iyyu(h), Hellín actual /
Mención de responsabilidad, etc. por Juan Bta. Vilar.
260 ## - PUBLICACIÓN, DISTRIBUCIÓN, ETC.
Lugar de publicación, distribución, etc. [Albacete :
Nombre del editor, distribuidor, etc. s.n.,
Fecha de publicación, distribución, etc. 1975?]
300 ## - DESCRIPCIÓN FÍSICA
Extensión p. 21-25 :
Otras características físicas il. ;
Dimensiones 21 cm.
595 ## -
-- Separata de: Al-Basit: revista de estudios albacetenses, nº 3.
651 #4 - PUNTO DE ACCESO ADICIONAL DE MATERIA--NOMBRE GEOGRÁFICO
Nombre geográfico Hellín-
Subdivisión general Historia.
9 (RLIN) 8819
852 ## - LOCALIZACIÓN
Ubicación ES-MaACL
Número de control de estantería 2232-F-11
itemnumber R.137654
Nota libre .- Ded. ms. del autor
Existencias
Estatus retirado Estado de pérdida Estado de daño No para préstamo Colección Biblioteca de origen Biblioteca actual Ubicación en estantería Fecha de adquisición Fuente de adquisición Total de préstamos Signatura topográfica completa Código de barras Visto por última vez Precio de reemplazo Tipo de ítem Koha
        Colección de folletos Biblioteca del Ateneo de Madrid Biblioteca del Ateneo de Madrid Depósito folletos 09/07/2008     2232-F-11 1177341 23/02/2023 23/02/2023 Folleto